00479nam a2200133Ia 4500008004100000100001700041245003100058260006900089300001100158650001600169856006800185999001900253952007300272160712s9999 xx 000 0 und d aDizon, Gino. cGino DizonaThe Descending c2014bLikhaan: The Journal of Contemporary Philippine Literature avol. 8 xSHORT STORY uhttp://journals.upd.edu.ph/index.php/lik/issue/view/538/showToc c297225d297225 001040aCLbCLd2016-07-12l0r2016-07-12 00:00:00w2016-07-12yFEJ